000 02691nim a2200577Ia 4500
001 ocn853014083
003 OCoLC
005 20200320191350.0
007 sd fungnnmmned
008 130717s2013 mdunnnnj f n eng d
020 _a9781470377465
020 _a1470377462
028 0 2 _aC02732
_bRecorded Books
035 _a(OCoLC)853014083
040 _aGL9
_cGL9
_dWACOL
049 _aWACL
092 _acd
_bApp
100 1 _aAppelt, Kathi,
_d1954-
_925161
245 1 4 _aThe true blue scouts of Sugar Man Swamp
_h[sound recording] /
_cby Kathi Appelt.
260 _aPrince Frederick, MD :
_bRecorded Books,
_cp2013.
300 _a5 sound discs (5 hr., 45 min.) :
_bdigital ;
_c4 3/4 in.
336 _aspoken word
337 _aaudio
338 _aaudio disc
500 _aTitle from disc surface.
511 0 _aRead by Lyle Lovett.
500 _aCompact discs.
500 _aDuration: 5:45:00.
520 _aRaccoon brothers Bingo and J'miah are the newest recruits of the Official Sugar Man Swamp Scouts. The opportunity to serve the Sugar Man, the massive creature who delights in delicious sugar cane and magnanimously rules over the swamp, is an honor, and also a big responsibility, since the rest of the swamp critters rely heavily on the intel of these hardworking Scouts.
520 _aTwelve-year-old Chap Brayburn, ancient Sugar Man, and his raccoon-brother Swamp Scouts Bingo and J'miah try to save Bayou Tourterelle from feral pigs Clydine and Buzzie, greedy Sunny Boy Beaucoup, and world-class alligator wrestler and would-be land developer Jaeger Stitch.
521 _ajunior cd
_brecorded books
650 0 _aSwamps
_vJuvenile fiction.
_95703058
650 0 _aSwamp animals
_vJuvenile fiction.
_95881254
650 0 _aReal estate developers
_vJuvenile fiction.
_95881255
650 0 _aRaccoon
_vJuvenile fiction.
_95688221
650 0 _aBrothers
_vJuvenile fiction.
_95674796
650 0 _aScouting (Youth activity)
_vJuvenile fiction.
_95741907
650 1 _aSwamps
_vFiction.
_95722805
650 1 _aSwamp animals
_vFiction.
_95881256
650 1 _aReal estate developers
_vFiction.
_95675496
650 1 _aRaccoon
_vFiction.
_95688224
650 1 _aBrothers
_vFiction.
_95674799
650 1 _aScouting (Youth activity)
_vFiction.
_95741908
650 1 _aHumorous stories.
_95881257
655 7 _aChildren's audiobooks.
_2lcgft
_95675081
700 1 _aLovett, Lyle.
_4nrt
_937059
942 _cCD
_09
948 _a07/26/2013
_zSirsi
994 _a02
_bWACOL
996 _a102192
_b34301001162314
_cJCD
_dCD
_ewcl
_fi
_g9
_h77.75
_i.CIRCNOTE. 5 discs
_lrecorded books
_mApp
_p08/05/2013
_q07/23/2019
_r07/06/2019
999 _c281303
_d281303